[Event "Budapest FS10 IM-A"]
[Site "Budapest"]
[Date "2009.10.10"]
[Round "8"]
[White "Kahn, Evarth"]
[Black "Dencsi, Tibor"]
[Result "0-1"]
[WhiteElo "2245"]
[BlackElo "2338"]
[PlyCount "112"]
[EventDate "2009.10.03"]
[EventType "tourn"]
[EventRounds "9"]
[EventCountry "HUN"]
[EventCategory "1"]
[SourceTitle "CBM 132 Extra"]
[Source "ChessBase"]
[SourceDate "2009.11.03"]
[SourceVersion "1"]
[SourceVersionDate "2009.11.03"]
[SourceQuality "1"]

1. a3 Nf6 2. c4 g6 3. Nc3 Bg7 4. e4 0-0 5. g3 c5 6. Bg2 Nc6 7. Nge2 Ne8 8. 0-0 Nc7 9. d3 Ne6 10. Rb1 a5 11. Be3 d6 12. f4 Ned4 13. h3 e6 14. Nb5 f5 15. Nexd4 cxd4 16. Bd2 a4 17. Bb4 Nxb4 18. axb4 Qb6 19. Qd2 Bd7 20. Na3 Rfc8 21. e5 dxe5 22. c5 Qc7 23. Nc4 Rab8 24. Rfe1 exf4 25. Qxf4 Qxf4 26. gxf4 Rc7 27. Nb6 Kf7 28. Nxd7 Rxd7 29. b5 Rc7 30. c6 bxc6 31. Bxc6 Bf8 32. Rbc1 a3 33. bxa3 Ra7 34. Ra1 Rxa3 35. Rxa3 Bxa3 36. Kg2 h6 37. Kf3 g5 38. Ra1 Bc5 39. Ra8 Rxa8 40. Bxa8 Kf6 41. Bc6 e5 42. fxe5+ Kxe5 43. Be8 Kf6 44. Bh5 g4+ 45. Kg2 Kg5 46. Be8 h5 47. Bd7 f4 48. hxg4 hxg4 49. Bc6 f3+ 50. Kg3 Bb6 51. Kf2 Kf4 52. Kf1 g3 53. Bb7 Ke3 54. Be4 g2+ 55. Kg1 Bc7 56. Bf5 Bg3 0-1

[Event "Budapest FS10 IM-A"]
[Site "Budapest"]
[Date "2009.10.08"]
[Round "6"]
[White "Adams, Nick A"]
[Black "Dencsi, Tibor"]
[Result "1/2-1/2"]
[WhiteElo "2221"]
[BlackElo "2338"]
[PlyCount "69"]
[EventDate "2009.10.03"]
[EventType "tourn"]
[EventRounds "9"]
[EventCountry "HUN"]
[EventCategory "1"]
[SourceTitle "CBM 132 Extra"]
[Source "ChessBase"]
[SourceDate "2009.11.03"]
[SourceVersion "1"]
[SourceVersionDate "2009.11.03"]
[SourceQuality "1"]

1. c4 e5 2. Nc3 Nf6 3. Nf3 Nc6 4. e4 Bb4 5. d3 d6 6. g3 Bg4 7. Be2 0-0 8. 0-0 Bc5 9. a3 Bh3 10. b4 Bxf1 11. Bxf1 Bd4 12. Nxd4 Nxd4 13. Ne2 Nxe2+ 14. Qxe2 a5 15. b5 c6 16. Rb1 Re8 17. Bg2 Qc7 18. Bd2 Nd7 19. Be3 Nc5 20. f4 f6 21. h4 a4 22. h5 Nb3 23. bxc6 bxc6 24. Rf1 Rab8 25. Qg4 c5 26. Qh4 Nd4 27. h6 Rb3 28. fxe5 fxe5 29. hxg7 Ne6 30. Bh6 Nxg7 31. Bh3 Rbb8 32. Bf5 Rf8 33. Bg5 Nxf5 34. exf5 Qf7 35. Bh6 1/2-1/2

[Event "Budapest FS09 IM-A"]
[Site "Budapest"]
[Date "2009.09.17"]
[Round "13"]
[White "Dencsi, Tibor"]
[Black "Lengyel, Bela"]
[Result "1/2-1/2"]
[WhiteElo "2338"]
[BlackElo "2251"]
[PlyCount "41"]
[EventDate "2009.09.05"]
[EventType "tourn"]
[EventRounds "13"]
[EventCountry "HUN"]
[SourceTitle "CBM 132 Extra"]
[Source "ChessBase"]
[SourceDate "2009.11.03"]
[SourceVersion "1"]
[SourceVersionDate "2009.11.03"]
[SourceQuality "1"]

1. c4 e5 2. Nc3 Nf6 3. Nf3 Nc6 4. a3 e4 5. Ng5 Qe7 6. d3 exd3 7. Qxd3 Ne5 8. Qc2 c6 9. e3 h6 10. Nge4 Nxe4 11. Qxe4 d6 12. Be2 g6 13. f4 Ng4 14. Qxe7+ Bxe7 15. h3 Bh4+ 16. Kd2 Nf6 17. e4 Nh5 18. Kc2 Ng3 19. Rd1 Nxe2 20. Nxe2 Be6 21. b3 1/2-1/2